Nuevas tendencias derecho y legislación cooperativa dominicana / (Registro nro. 15105)

Detalles MARC
000 -LEADER
fixed length control field 00891nam a2200253 a 4500
001 - CONTROL NUMBER
control field 000004828
003 - CONTROL NUMBER IDENTIFIER
control field DO-SdBPM
005 - DATE AND TIME OF LATEST TRANSACTION
control field 20250527100906.0
008 - FIXED-LENGTH DATA ELEMENTS--GENERAL INFORMATION
fixed length control field 090727s2016 dr 001 0 spa d
040 ## - CATALOGING SOURCE
Original cataloging agency DO-SdBPM
Language of cataloging spa
Transcribing agency BPMSU
082 ## - DEWEY DECIMAL CLASSIFICATION NUMBER
Classification number 346.0668
Item number M538n 2016
Edition number 22
100 1# - MAIN ENTRY--PERSONAL NAME
Personal name Mendez Pérex, Jorge Eligio
Dates associated with a name
245 10 - TITLE STATEMENT
Title Nuevas tendencias derecho y legislación cooperativa dominicana /
Statement of responsibility, etc. Jorge Eligio Méndez Pérez
260 ## - PUBLICATION, DISTRIBUTION, ETC. (IMPRINT)
Place of publication, distribution, etc. Santo Domingo :
Name of publisher, distributor, etc. Santiago Rivera,
Date of publication, distribution, etc. 2016
300 ## - PHYSICAL DESCRIPTION
Extent 106 p. ;
Dimensions 22 cm.
500 ## - GENERAL NOTE
General note Incluye referencias bibliográficas y notas al pie de las páginas.
500 ## - GENERAL NOTE
General note Incluye datos biográficos del autor en la contra cubierta
504 ## - BIBLIOGRAPHY, ETC. NOTE
Bibliography, etc
590 ## - LOCAL NOTE (RLIN)
Local note Inventariado, 2025/VM
650 #4 - SUBJECT ADDED ENTRY--TOPICAL TERM
Topical term or geographic name as entry element Cooperativas
General subdivision Legislación
650 #4 - SUBJECT ADDED ENTRY--TOPICAL TERM
Topical term or geographic name as entry element Cooperativismo
General subdivision Legislación
910 ## - USER-OPTION DATA (OCLC)
User-option data VMateo V. Control de la calidad. BPMSU
942 ## - ADDED ENTRY ELEMENTS (KOHA)
Source of classification or shelving scheme Dewey Decimal Classification
Koha item type Libros
Existencias
Withdrawn status Lost status Source of classification or shelving scheme Damaged status Not for loan Collection code Home library Current library Date acquired Total Checkouts Full call number Barcode Date last seen Price effective from Koha item type
    Dewey Decimal Classification     Colección Dominicana Biblioteca Pública Metropolitana Salomé Ureña Biblioteca Pública Metropolitana Salomé Ureña 05/27/2025   BPMSU CD 346.0668 M538n 2016 BPMSU25050092 05/27/2025 05/27/2025 Libros